| 000 | 00607nam a22002052 4500 | ||
|---|---|---|---|
| 001 | 0000000282 | ||
| 005 | 20151021151044.0 | ||
| 008 | 070119s xx 000 0 eng d | ||
| 020 |
_a8177220861 : _cKES 3,200 |
||
| 040 |
_aKABU _cKABU |
||
| 050 | 0 |
_aQA76.76 _b.H94H65 |
|
| 100 | 1 |
_aHolzner, Steven. _@0000148384 |
|
| 245 | 1 | 0 |
_aHTML black book / _cSteven Holzner. |
| 260 |
_aNew Delhi : _bDreamtech, _c2005. |
||
| 300 | _axxviii, 1195 p. | ||
| 650 | 0 |
_aHTML (Document markup language) _@0000148385 |
|
| 908 | _a070119 | ||
| 950 | _@1 | ||
| 999 |
_c142 _d142 |
||